Statistics for William Shakespeare's Tragedies Plays

Click here to take the quiz!

General Stats

  • This quiz has been taken 268 times
  • The average score is 8 of 12

Answer Stats

Plays% Correct
Hamlet
92%
Macbeth
90%
Romeo And Juliet
87%
King Lear
80%
Othello
80%
Julius Caesar
71%
Antony And Cleopatra
65%
Titus Andronicus
54%
Coriolanus
45%
Timon Of Athens
44%
Troilus And Cressida
39%
Cymbeline
38%

Score Distribution

Percentile by Number Answered

Percent of People with Each Score

Your Score History

You have not taken this quiz